Terapia del comportamiento

Guardat en:
Dades bibliogràfiques
Autor principal: Yates, Aubrey J (Autor)
Format: Llibre
Idioma:espanyol
Publicat: Ciudad de México Trillas 1974
Col·lecció:Biblioteca Técnica de Psicología
Matèries:
Etiquetes: Afegir etiqueta
Sense etiquetes, Sigues el primer a etiquetar aquest registre!

MARC

LEADER 00000nam a2200000 a 4500
001 UCY9630
003 CL-VaPUC
008 950717e19740000MX |||||||||||||||||spa|d
082 0 4 |a 616.891  |b YAT  |2 21 
100 0 |a Yates, Aubrey J  |e author  |9 342036 
245 1 0 |a Terapia del comportamiento 
300 |a 499 p 
942 |c BK 
945 |d 19950717 00:00:00  |a lriquelm 
260 |a Ciudad de México  |b Trillas  |c 1974 
650 0 |a Terapia  |9 334442 
650 7 |a PSICOTERAPIA  |2 CL-VaPUC  |9 342037 
650 0 |a Trastornos del comportamiento  |9 311363 
650 7 |a TRASTORNOS DEL HABLA  |2 CL-VaPUC  |9 309440 
650 0 |a Neurosis  |9 312889 
650 7 |a PSICOPATOLOGIA CRIMINAL  |2 CL-VaPUC  |9 338044 
650 7 |a DESVIACION SEXUAL  |2 CL-VaPUC  |9 342038 
650 7 |a PSICOSIS  |2 CL-VaPUC  |9 315438 
650 0 |a Alcoholismo  |9 259651 
650 0 |a Drogadicción  |9 331967 
650 0 |a Deficiencia mental  |9 334734 
650 0 |a Evaluación  |9 271902 
583 |a last modification  |c 19950717 00:00:00  |k Rodrigo Vera 
490 0 |a Biblioteca Técnica de Psicología 
999 |c 236683  |d 236681 
952 |0 0  |1 0  |4 0  |6 616_891000000000000_YAT_1974  |7 0  |8 P  |9 244942  |a BIBEDU  |b BIBEDU  |c BIBEDU_PB  |d 2019-11-18  |i 1532650  |o 616.891 YAT 1974  |p 1532650  |r 2024-01-25  |w 2019-11-18  |y BK  |k EDU